[Event "Olimpiada Dresden 2008 Femenina"]
[Site "Dresden GER"]
[Date "2008.11.17"]
[Round "5.35"]
[White "Gansvind, Valeriya I"]
[Black "Qane, Chnar"]
[Result "1-0"]
[WhiteElo "2212"]
[BlackElo "1913"]
[PlyCount "134"]
[EventDate "2008.11.13"]
[EventType "team-tourn"]
[EventRounds "11"]
[EventCountry "GER"]
[Source "lmi"]
[SourceDate "2008.11.13"]
[WhiteTeam "Estonia"]
[BlackTeam "Irak"]
[WhiteTeamCountry "EST"]
[BlackTeamCountry "IRQ"]

1. d4 Nf6 2. Nf3 g6 3. g3 Bg7 4. Bg2 d6 5. O-O O-O 6. c4 Nc6 7. Nc3 a6 8. d5
Na5 9. b3 c5 10. dxc6 Nxc6 11. Bb2 Ne4 12. Qc1 Nxc3 13. Bxc3 Bxc3 14. Qxc3 Qa5
15. Qe3 Bg4 16. h3 Bxf3 17. Bxf3 Qc5 18. Qxc5 dxc5 19. Bxc6 bxc6 20. Rfd1 Ra7
21. Rd3 a5 22. Rad1 a4 23. Rd7 Rfa8 24. e3 Kf8 25. Rxa7 Rxa7 26. Rd8+ Kg7 27.
Rb8 axb3 28. axb3 Ra6 29. Kg2 h5 30. e4 Kf6 31. f4 Ke6 32. Kf3 Ra1 33. Rb7 f6
34. e5 fxe5 35. fxe5 Rf1+ 36. Kg2 Rf5 37. Rc7 Rxe5 38. Rxc6+ Kf5 39. Kf3 e6 40.
Rc8 g5 41. Rf8+ Kg6 42. Rg8+ Kf5 43. g4+ hxg4+ 44. hxg4+ Kf6 45. Rb8 Ke7 46. b4
cxb4 47. Rxb4 Re1 48. c5 Rc1 49. Rb7+ Kf6 50. Rc7 Ke5 51. c6 Rc3+ 52. Kf2 Kf4
53. Rf7+ Kxg4 54. c7 e5 55. Ke2 e4 56. Kd2 Rc4 57. Ke3 Kg3 58. Rg7 g4 59. Rf7
Kg2 60. Rg7 g3 61. Rf7 Kg1 62. Rg7 g2 63. Rf7 Kh2 64. Rh7+ Kg3 65. Rg7+ Kh2 66.
Rh7+ Kg3 67. Rg7+ Kh2 1-0

[Event "Olimpiada Dresden 2008 Femenina"]
[Site "Dresden GER"]
[Date "2008.11.17"]
[Round "5.37"]
[White "Munoz, Dorisbel"]
[Black "Rocha, Valquiria"]
[Result "1-0"]
[WhiteElo "1917"]
[BlackElo "1824"]
[PlyCount "107"]
[EventDate "2008.11.13"]
[EventType "team-tourn"]
[EventRounds "11"]
[EventCountry "GER"]
[Source "lmi"]
[SourceDate "2008.11.13"]
[WhiteTeam "República Dominicana"]
[BlackTeam "Angola"]
[WhiteTeamCountry "DOM"]
[BlackTeamCountry "ANG"]

1. f4 g6 2. Nf3 c5 3. e4 Bg7 4. Nc3 Nc6 5. Bb5 d6 6. O-O Bd7 7. d3 e6 8. Qe1
Nge7 9. f5 Qa5 10. Bd2 Qb6 11. Qg3 Nd4 12. Bxd7+ Kxd7 13. Bg5 Qxb2 14. f6 Qxc3
15. Nxd4 Qxd4+ 16. Kh1 Bf8 17. fxe7 Bxe7 18. Rab1 Bxg5 19. Qxg5 f6 20. Qd2 b6
21. c3 Qe5 22. Rbe1 Rhf8 23. Qc2 Ke7 24. d4 cxd4 25. cxd4 Qb5 26. a4 Qd7 27.
Rf3 Rac8 28. Qf2 Qxa4 29. Rf1 Rc2 30. Qe3 Qc4 31. e5 Qe2 32. exf6+ Kd7 33. Qg5
Rd2 34. f7 Rd1 35. Qf6 d5 36. h3 Rxf1+ 37. Rxf1 Qc4 38. Rf3 Qc1+ 39. Rf1 Qc4
40. h4 a5 41. Qf4 Qc7 42. Qh6 Ke7 43. Qxh7 Qg3 44. Rf3 Qg4 45. Kh2 a4 46. Qg7
Qxh4+ 47. Kg1 Qg5 48. g3 b5 49. Rc3 Rxf7 50. Rc7+ Kd8 51. Rxf7 Qxg3+ 52. Kf1
Qh3+ 53. Ke2 Qg2+ 54. Rf2 1-0

[Event "Olimpiada Dresden 2008 Femenina"]
[Site "Dresden GER"]
[Date "2008.11.17"]
[Round "5.38"]
[White "Cua, Shercila"]
[Black "Milligan, Helen"]
[Result "1/2-1/2"]
[WhiteElo "2154"]
[BlackElo "1957"]
[PlyCount "93"]
[EventDate "2008.11.13"]
[EventType "team-tourn"]
[EventRounds "11"]
[EventCountry "GER"]
[Source "lmi"]
[SourceDate "2008.11.13"]
[WhiteTeam "Filipinas"]
[BlackTeam "Nueva Zelanda"]
[WhiteTeamCountry "PHI"]
[BlackTeamCountry "NZL"]

1. e4 c5 2. Nf3 e6 3. d4 cxd4 4. Nxd4 Nf6 5. Nc3 Nc6 6. Ndb5 Bb4 7. a3 Bxc3+ 8.
Nxc3 d5 9. Bd3 h6 10. O-O O-O 11. Re1 d4 12. Ne2 e5 13. Ng3 Be6 14. f4 Bg4 15.
Qd2 Nh5 16. Nxh5 Bxh5 17. Qf2 exf4 18. Bxf4 Bg6 19. Qg3 Re8 20. Bc4 Kh7 21. Bd5
Qb6 22. Bc7 Qc5 23. b4 Qb5 24. Rad1 Rac8 25. Bd6 a5 26. Qd3 Qxd3 27. cxd3 axb4
28. axb4 Red8 29. Bc5 Rd7 30. Bc4 f6 31. Be6 Rcd8 32. Bxd7 Rxd7 33. Ra1 Ne5 34.
Ra3 Be8 35. h3 Rd8 36. Kf2 Bb5 37. Ke2 f5 38. Kd2 f4 39. Rc1 Rd7 40. Bb6 f3 41.
gxf3 Re7 42. f4 Ng6 43. f5 Nf4 44. h4 g5 45. hxg5 hxg5 46. Rh1+ Kg7 47. Bxd4+
1/2-1/2

[Event "Olimpiada Dresden 2008 Femenina"]
[Site "Dresden GER"]
[Date "2008.11.17"]
[Round "5.38"]
[White "Maroroa, Sue"]
[Black "Rivera, Daisy"]
[Result "0-1"]
[WhiteElo "1938"]
[BlackElo "2073"]
[PlyCount "71"]
[EventDate "2008.11.13"]
[EventType "team-tourn"]
[EventRounds "11"]
[EventCountry "GER"]
[Source "lmi"]
[SourceDate "2008.11.13"]
[WhiteTeam "Nueva Zelanda"]
[BlackTeam "Filipinas"]
[WhiteTeamCountry "NZL"]
[BlackTeamCountry "PHI"]

1. d4 Nf6 2. c4 c6 3. Nf3 d5 4. e3 e6 5. Bd3 Nbd7 6. O-O Ne4 7. b3 f5 8. Bb2
Bd6 9. Ne5 O-O 10. Nd2 Qf6 11. Ndf3 Qe7 12. Rc1 a5 13. Qc2 Rf6 14. g3 Rh6 15.
Rfe1 Qe8 16. Bf1 Qh5 17. Bg2 Ndf6 18. h3 g5 19. Nd2 Nxd2 20. Qxd2 Bb4 21. Qe2
Bxe1 22. Qxe1 Qe8 23. Ba3 Qd8 24. g4 fxg4 25. hxg4 Nd7 26. Bd6 Nf6 27. c5 Ne8
28. f4 gxf4 29. exf4 Rf6 30. Qh4 Nxd6 31. cxd6 Rf8 32. g5 Qxd6 33. Rc3 Qc7 34.
g6 Kh8 35. Rg3 Qg7 36. gxh7 0-1

[Event "Olimpiada Dresden 2008 Femenina"]
[Site "Dresden GER"]
[Date "2008.11.17"]
[Round "5.38"]
[White "Camacho, Chardine Cheradee"]
[Black "Gao, Judy"]
[Result "1-0"]
[WhiteElo "2100"]
[BlackElo "1896"]
[PlyCount "100"]
[EventDate "2008.11.13"]
[EventType "team-tourn"]
[EventRounds "11"]
[EventCountry "GER"]
[Source "lmi"]
[SourceDate "2008.11.13"]
[WhiteTeam "Filipinas"]
[BlackTeam "Nueva Zelanda"]
[WhiteTeamCountry "PHI"]
[BlackTeamCountry "NZL"]

1. e4 c5 2. Nf3 a6 3. c4 d6 4. d4 cxd4 5. Nxd4 Nf6 6. Nc3 e6 7. Be2 Be7 8. O-O
O-O 9. Be3 Nbd7 10. f3 Qc7 11. Qd2 b6 12. Rfc1 Bb7 13. b4 Rac8 14. Na4 Rfd8 15.
Nb3 Ba8 16. Qe1 Rb8 17. c5 dxc5 18. bxc5 b5 19. Nb6 Bc6 20. Qf2 Ne5 21. Rd1 h6
22. Rac1 Ng6 23. Na5 Be8 24. Nb3 Bc6 25. Nd4 Be8 26. Nb3 Bc6 27. Nd4 Be8 28.
Nb3 Bf8 29. Qg3 Qa7 30. Rxd8 Rxd8 31. c6 Nh5 32. Qf2 Qc7 33. a4 Bd6 34. g3 Nxg3
35. hxg3 Bxg3 36. Qf1 Bf4 37. Bf2 Bxc1 38. Qxc1 Qxc6 39. Qxc6 Bxc6 40. Nd4 Nf4
41. Bf1 Be8 42. axb5 axb5 43. Be3 b4 44. Nb3 Nd3 45. Bd4 Nc1 46. Nxc1 Rxd4 47.
Nb3 Rd1 48. Kf2 g5 49. e5 Kg7 50. Nc5 Bc6 1-0

[Event "Olimpiada Dresden 2008 Femenina"]
[Site "Dresden GER"]
[Date "2008.11.17"]
[Round "5.40"]
[White "Steinbacher, Claudia"]
[Black "Barrenechea, Stefanie"]
[Result "1-0"]
[WhiteElo "2203"]
[BlackElo "1978"]
[PlyCount "92"]
[EventDate "2008.11.13"]
[EventType "team-tourn"]
[EventRounds "11"]
[EventCountry "GER"]
[Source "lmi"]
[SourceDate "2008.11.13"]
[WhiteTeam "Alemania"]
[BlackTeam "Bolivia"]
[WhiteTeamCountry "GER"]
[BlackTeamCountry "BOL"]

1. e4 d6 2. d4 Nf6 3. f3 c5 4. Ne2 cxd4 5. Nxd4 e5 6. Nb5 a6 7. N5c3 Be6 8. Be3
Nc6 9. Nd2 b5 10. Nb3 Be7 11. Be2 O-O 12. Qd2 Na5 13. Nd5 Nc4 14. Bxc4 bxc4 15.
Na5 Bxd5 16. exd5 c3 17. Qxc3 Nxd5 18. Nc6 Bh4+ 19. Kd2 Qd7 20. Qc4 Nxe3 21.
Qxh4 Qxc6 22. Kxe3 Qxc2 23. Qf2 Qc5+ 24. Ke2 Qb5+ 25. Kd1 Rac8 26. Rc1 Qd5+ 27.
Qd2 Rxc1+ 28. Kxc1 Qxa2 29. Qc2 Qa1+ 30. Qb1 Rc8+ 31. Kd2 Qa5+ 32. Ke2 Qb5+ 33.
Kf2 Qc5+ 34. Kg3 Qd4 35. Rd1 Qf4+ 36. Kf2 g6 37. Qd3 Qxh2 38. Qxd6 Rc2+ 39. Rd2
Qh4+ 40. Ke2 Qc4+ 41. Kf2 Rxd2+ 42. Qxd2 Kg7 43. Kg3 h5 44. Qg5 Qe2 45. b3 Qe1+
46. Kh2 f6 1-0

[Event "Olimpiada Dresden 2008 Femenina"]
[Site "Dresden GER"]
[Date "2008.11.17"]
[Round "5.40"]
[White "Solis, Gabriela"]
[Black "Beltz, Franziska"]
[Result "0-1"]
[WhiteElo "1929"]
[BlackElo "2109"]
[PlyCount "53"]
[EventDate "2008.11.13"]
[EventType "team-tourn"]
[EventRounds "11"]
[EventCountry "GER"]
[Source "lmi"]
[SourceDate "2008.11.13"]
[WhiteTeam "Bolivia"]
[BlackTeam "Alemania"]
[WhiteTeamCountry "BOL"]
[BlackTeamCountry "GER"]

1. e4 c5 2. Nf3 e6 3. c3 Nf6 4. e5 Nd5 5. Bc4 Nb6 6. Bb3 d5 7. d4 Nc6 8. O-O
Qc7 9. Be3 c4 10. Bc2 Be7 11. Nbd2 O-O 12. Ng5 Bxg5 13. Bxg5 f5 14. exf6 gxf6
15. Bh6 Rf7 16. Qh5 e5 17. Rae1 Be6 18. dxe5 fxe5 19. Nf3 e4 20. Ng5 Rf6 21. f3
Ne5 22. fxe4 Bg4 23. Qh4 Rxf1+ 24. Rxf1 Qd7 25. exd5 Ng6 26. Bxg6 hxg6 27. Rf7
0-1

[Event "Olimpiada Dresden 2008 Femenina"]
[Site "Dresden GER"]
[Date "2008.11.17"]
[Round "5.41"]
[White "Solomons, Anzel"]
[Black "Melnik, Galina"]
[Result "1-0"]
[WhiteElo "1908"]
[BlackElo "2062"]
[PlyCount "47"]
[EventDate "2008.11.13"]
[EventType "team-tourn"]
[EventRounds "11"]
[EventCountry "GER"]
[Source "lmi"]
[SourceDate "2008.11.13"]
[WhiteTeam "Sudáfrica"]
[BlackTeam "Rusia"]
[WhiteTeamCountry "RSA"]
[BlackTeamCountry "RUS"]

1. e4 c5 2. Nf3 e6 3. d4 cxd4 4. Nxd4 a6 5. Bd3 g6 6. O-O Bg7 7. Nf3 d6 8. c4
Nf6 9. Nc3 O-O 10. Bf4 Ng4 11. Be2 Ne5 12. Qd2 Nxf3+ 13. Bxf3 Be5 14. Bh6 Re8
15. Rfd1 Nc6 16. Be2 Bd4 17. Bf1 Qb6 18. Rac1 f6 19. a3 Qb3 20. h4 Bc5 21. Qf4
Bd7 22. Rd3 Qxb2 23. Qxf6 Re7 24. Rf3 1-0

[Event "Olimpiada Dresden 2008 Femenina"]
[Site "Dresden GER"]
[Date "2008.11.17"]
[Round "5.41"]
[White "Zykina, Nadezhda"]
[Black "Ellappen, Jenine"]
[Result "1-0"]
[WhiteElo "2108"]
[BlackElo "1917"]
[PlyCount "88"]
[EventDate "2008.11.13"]
[EventType "team-tourn"]
[EventRounds "11"]
[EventCountry "GER"]
[Source "lmi"]
[SourceDate "2008.11.13"]
[WhiteTeam "Rusia"]
[BlackTeam "Sudáfrica"]
[WhiteTeamCountry "RUS"]
[BlackTeamCountry "RSA"]

1. Nf3 c5 2. c3 d5 3. d4 cxd4 4. cxd4 Nc6 5. Bf4 Nf6 6. e3 a6 7. Bd3 Qb6 8. Nc3
Bg4 9. O-O e6 10. Na4 Qa7 11. Rc1 Rc8 12. Qb3 Bxf3 13. gxf3 Nd7 14. e4 Rd8 15.
exd5 Nxd4 16. Qd1 e5 17. Bxe5 Nxe5 18. Re1 Bd6 19. f4 O-O 20. fxe5 Rde8 21.
Bxh7+ Kxh7 22. Qh5+ Kg8 23. exd6 Rd8 24. Re7 Rxd6 25. Rcc7 Rh6 26. Qg4 Nb5 27.
Rxb7 Qa8 28. Qd7 Nd6 29. Nc3 Nxb7 30. Qxb7 Qd8 31. Qc7 Qb8 32. Qxb8 Rxb8 33. b3
Kf8 34. Rc7 Rd8 35. Kg2 Rhd6 36. b4 Rb6 37. a3 Ke8 38. Kf3 Rf6+ 39. Ke3 Rh6 40.
Ra7 Rd7 41. Ra8+ Rd8 42. Ra7 Rd7 43. Ra8+ Rd8 44. Ra7 Rd7 1-0

[Event "Olimpiada Dresden 2008 Femenina"]
[Site "Dresden GER"]
[Date "2008.11.17"]
[Round "5.41"]
[White "De Jager, Carmen"]
[Black "Jennitha, Anto K"]
[Result "0-1"]
[WhiteElo "1800"]
[BlackElo "1998"]
[PlyCount "258"]
[EventDate "2008.11.13"]
[EventType "team-tourn"]
[EventRounds "11"]
[EventCountry "GER"]
[Source "lmi"]
[SourceDate "2008.11.13"]
[WhiteTeam "Sudáfrica"]
[BlackTeam "India"]
[WhiteTeamCountry "RSA"]
[BlackTeamCountry "IND"]

1. e4 Nf6 2. e5 Nd5 3. d4 d6 4. c4 Nb6 5. exd6 exd6 6. Be2 Be7 7. Nf3 Bg4 8.
O-O Nc6 9. b3 O-O 10. Nc3 Bf6 11. Be3 d5 12. c5 Nc8 13. h3 Bf5 14. Rc1 Re8 15.
Qd2 Be4 16. Rfd1 N8e7 17. Bg5 Nf5 18. Bxf6 Qxf6 19. Nb5 Rac8 20. Qg5 a6 21.
Qxf6 gxf6 22. Nc3 Rcd8 23. Kf1 Re7 24. g4 Ng7 25. Rd2 Ne6 26. Rcd1 Nf4 27. Nxe4
Rxe4 28. Bd3 Ree8 29. h4 Kg7 30. Bb1 Ne7 31. h5 Kh6 32. Re1 Nc6 33. Re3 Re6 34.
Bf5 Re7 35. Rd1 Rxe3 36. fxe3 Ne6 37. Kf2 Ne7 38. Bd3 Rg8 39. Rg1 a5 40. Nh4
Ra8 41. Kg3 Kg7 42. Rf1 Re8 43. Rh1 Kh6 44. Rf1 Kg7 45. Kf3 Rg8 46. Kg3 Re8 47.
a3 Rd8 48. Ra1 Ra8 49. Ra2 Ng5 50. Rf2 Re8 51. Rb2 Ra8 52. Rb1 Ne6 53. Kf3 Kh6
54. Kg3 Kg7 55. Rf1 Re8 56. Rf2 Rb8 57. Rc2 Kh6 58. Rc1 Rg8 59. Rb1 Ra8 60. Rb2
Kg7 61. Rb1 Kh6 62. a4 Kg7 63. b4 axb4 64. Rxb4 Ra7 65. Bc2 h6 66. Kf3 Kf8 67.
Ke2 Ng7 68. Rb1 Ne6 69. Kd2 Kg7 70. Kc3 Kf8 71. Ra1 Ra5 72. Rb1 Ra7 73. Rf1 Kg7
74. Nf5+ Nxf5 75. Rxf5 c6 76. Rf1 Nc7 77. Rb1 Kf8 78. Bd3 Ke7 79. a5 Kd7 80.
Kb4 Kd8 81. Kc3 Kd7 82. Kb4 Kd8 83. Rf1 Ke7 84. Ra1 Ra8 85. Ka4 Kd7 86. Rb1 Ra7
87. Rb6 Na8 88. Rb1 Nc7 89. Rf1 Ke7 90. Re1 Ra8 91. Rb1 Ra7 92. Bf5 Kd8 93. Rb3
Na8 94. Rb2 Nc7 95. Bd3 Kd7 96. Kb4 Ke7 97. Kc3 Kd7 98. Kd2 Kc8 99. Ra2 Kd8
100. Ke2 Ke7 101. Rb2 Ne6 102. Rb6 Nd8 103. a6 bxa6 104. Bxa6 Rc7 105. Kf3 Rd7
106. Bd3 Ra7 107. Bf5 Ra4 108. Rb8 Ra7 109. Rc8 Ke8 110. e4 dxe4+ 111. Bxe4 Kd7
112. Rxd8+ Kxd8 113. Bxc6 Ra1 114. Ke4 Rc1 115. Bb5 Ke7 116. Kd5 Rb1 117. Bd3
Rd1 118. Bf5 Rc1 119. Kc6 Rc3 120. d5 Kd8 121. Kd6 Rc1 122. c6 Rc3 123. Bh7 Rc1
124. Bg8 Rc3 125. Bxf7 Rc4 126. Be6 Rc3 127. Bf5 Rc1 128. Ke6 Kc7 129. Kxf6 Kd6
0-1

[Event "Olimpiada Dresden 2008 Femenina"]
[Site "Dresden GER"]
[Date "2008.11.17"]
[Round "5.41"]
[White "Kaydanovich, Marina"]
[Black "Sischy, Monique Sian"]
[Result "0-1"]
[WhiteElo "1855"]
[BlackElo "1965"]
[PlyCount "69"]
[EventDate "2008.11.13"]
[EventType "team-tourn"]
[EventRounds "11"]
[EventCountry "GER"]
[Source "lmi"]
[SourceDate "2008.11.13"]
[WhiteTeam "Rusia"]
[BlackTeam "Sudáfrica"]
[WhiteTeamCountry "RUS"]
[BlackTeamCountry "RSA"]

1. e4 e6 2. d4 d5 3. Nd2 Nf6 4. e5 Nfd7 5. Bd3 c5 6. c3 Nc6 7. Ne2 cxd4 8. cxd4
f6 9. exf6 Nxf6 10. O-O Bd6 11. Nf3 O-O 12. Bg5 Qc7 13. Bh4 h6 14. Rc1 g5 15.
Bg3 Bxg3 16. Nxg3 Qg7 17. Re1 g4 18. Ne5 Nxd4 19. Bb1 Nb5 20. Re3 Bd7 21. Nf1
Be8 22. h3 h5 23. hxg4 hxg4 24. Nh2 Bh5 25. Rg3 Rfc8 26. Rxc8+ Rxc8 27. Nhxg4
Nxg4 28. Nxg4 Kf8 29. Qd2 Nd4 30. Qf4+ Ke7 31. Bd3 Nf5 32. Bxf5 exf5 33. Re3+
Kd8 34. Qd6+ Qd7 35. Qf6+ 0-1

[Event "Olimpiada Dresden 2008 Femenina"]
[Site "Dresden GER"]
[Date "2008.11.17"]
[Round "5.42"]
[White "Shabanaj, Eglantina"]
[Black "Colombo, Camila"]
[Result "0-1"]
[WhiteElo "2093"]
[BlackElo "2071"]
[PlyCount "67"]
[EventDate "2008.11.13"]
[EventType "team-tourn"]
[EventRounds "11"]
[EventCountry "GER"]
[Source "lmi"]
[SourceDate "2008.11.13"]
[WhiteTeam "Albania"]
[BlackTeam "Uruguay"]
[WhiteTeamCountry "ALB"]
[BlackTeamCountry "URU"]

1. e4 c5 2. Nf3 d6 3. d4 cxd4 4. Nxd4 Nf6 5. Nc3 Nc6 6. Bc4 e6 7. Be3 a6 8. Qe2
Qc7 9. O-O-O Na5 10. Bd3 b5 11. a3 Rb8 12. g4 d5 13. exd5 Bxa3 14. Qe1 Bc5 15.
Nf5 O-O 16. d6 Qa7 17. Ne7+ Kh8 18. g5 Ng4 19. Bxc5 Qxc5 20. Ne4 Qb6 21. Qe2
Nc4 22. Qxg4 Bb7 23. Nf6 Qa5 24. Bxc4 bxc4 25. Nxh7 c3 26. bxc3 Qa3+ 27. Kd2
Qxd6+ 28. Ke1 Qe5+ 29. Kf1 Qe4 30. Qxe4 Bxe4 31. Nxf8 Bxh1 32. Rd4 g6 33. Rh4+
Kg7 34. Rh7+ 0-1

[Event "Olimpiada Dresden 2008 Femenina"]
[Site "Dresden GER"]
[Date "2008.11.17"]
[Round "5.42"]
[White "Shabanaj, Alda"]
[Black "De Leon, Patricia"]
[Result "1-0"]
[WhiteElo "1990"]
[BlackElo "1748"]
[PlyCount "169"]
[EventDate "2008.11.13"]
[EventType "team-tourn"]
[EventRounds "11"]
[EventCountry "GER"]
[Source "lmi"]
[SourceDate "2008.11.13"]
[WhiteTeam "Albania"]
[BlackTeam "Uruguay"]
[WhiteTeamCountry "ALB"]
[BlackTeamCountry "URU"]

1. d4 d6 2. c4 e5 3. Nf3 e4 4. Ng5 f5 5. Nc3 c6 6. Nh3 Be7 7. Qb3 Nf6 8. g3 Na6
9. Bg2 Qb6 10. Qxb6 axb6 11. O-O Be6 12. b3 Nc7 13. f3 d5 14. Bf4 Bd8 15. cxd5
Ncxd5 16. Nxd5 Bxd5 17. Bd6 Kd7 18. Be5 exf3 19. exf3 g6 20. g4 Rg8 21. Nf4 Bf7
22. Nd3 Nd5 23. Bh3 Be6 24. gxf5 Bxf5 25. Bxf5+ gxf5+ 26. Kh1 Bh4 27. a4 Rg6
28. Rg1 Rag8 29. Nb2 Rxg1+ 30. Rxg1 Rxg1+ 31. Kxg1 Be1 32. Nc4 Bc3 33. Kf2 Ke6
34. f4 Bb4 35. Kf3 Be7 36. Kg3 Kf7 37. Kf3 Bb4 38. Kg3 Kg6 39. Bd6 Be1+ 40. Kf3
Bc3 41. Be5 Bb4 42. Bb8 Bc3 43. Nd6 Bxd4 44. Nxb7 Bc3 45. Nd8 c5 46. Nb7 Bd2
47. Be5 Kf7 48. Nd6+ Ke6 49. Nc4 Be1 50. Ke2 Bb4 51. Kd3 h5 52. Bb8 Kd7 53. Be5
Ke6 54. Ke2 Kd7 55. Kf2 Ke6 56. Kf3 Be1 57. Ke2 Bb4 58. Kf2 Kd7 59. Kg3 Be1+
60. Kh3 Ke6 61. Bb8 Kd7 62. Ne5+ Kc8 63. Nd3 Kxb8 64. Nxe1 Nxf4+ 65. Kh4 Kc7
66. Kg5 Ne6+ 67. Kxf5 Nd4+ 68. Kg5 Nxb3 69. Kxh5 Nd4 70. Kg6 Ne6 71. Nc2 Kd6
72. Ne3 Nf4+ 73. Kf5 Nd5 74. Nc4+ Kc6 75. h4 Ne7+ 76. Kf6 Nd5+ 77. Kg5 Ne7 78.
h5 Ng8 79. Kg6 Ne7+ 80. Kf6 Nd5+ 81. Kf7 Nc3 82. h6 Ne4 83. Kg6 b5 84. axb5+
Kxb5 85. Ne3 1-0

[Event "Olimpiada Dresden 2008 Femenina"]
[Site "Dresden GER"]
[Date "2008.11.17"]
[Round "5.42"]
[White "Donatti, Sofia"]
[Black "Driza, Arta"]
[Result "0-1"]
[WhiteElo "1678"]
[BlackElo "1959"]
[PlyCount "97"]
[EventDate "2008.11.13"]
[EventType "team-tourn"]
[EventRounds "11"]
[EventCountry "GER"]
[Source "lmi"]
[SourceDate "2008.11.13"]
[WhiteTeam "Uruguay"]
[BlackTeam "Albania"]
[WhiteTeamCountry "URU"]
[BlackTeamCountry "ALB"]

1. e4 d6 2. d4 Nf6 3. Nc3 g6 4. f4 Bg7 5. Nf3 c5 6. Bb5+ Bd7 7. e5 Ng4 8. Bxd7+
Qxd7 9. d5 dxe5 10. h3 e4 11. Nxe4 Nf6 12. Nxf6+ Bxf6 13. O-O O-O 14. Ne5 Qc7
15. Ng4 Bd4+ 16. Kh1 Nd7 17. f5 Rad8 18. Qe2 Nb6 19. c3 Bg7 20. Nh6+ Bxh6 21.
Bxh6 Nxd5 22. Bxf8 Kxf8 23. Rad1 Nf6 24. Qe3 Rxd1 25. Rxd1 b6 26. Qh6+ Kg8 27.
Qe3 Kf8 28. Re1 Qd7 29. fxg6 hxg6 30. Qe5 Qb7 31. Kg1 Qd7 32. g4 Ng8 33. Qb8+
Kg7 34. Qe5+ Kf8 35. Rf1 Qd3 36. Qf4 f6 37. Qf3 Qc2 38. Qf2 Qd3 39. Kh2 Kg7 40.
Re1 Qd6+ 41. Kg1 Nh6 42. Qh2 e5 43. Qe2 Nf7 44. Rd1 Qe6 45. b3 e4 46. Rf1 Ng5
47. Qe3 Qe5 48. Kg2 Nf3 49. Rxf3 0-1

[Event "Olimpiada Dresden 2008 Femenina"]
[Site "Dresden GER"]
[Date "2008.11.17"]
[Round "5.43"]
[White "Zepeda, Lorena"]
[Black "Nekrasova, Elena"]
[Result "1/2-1/2"]
[WhiteElo "2159"]
[BlackElo "2091"]
[PlyCount "79"]
[EventDate "2008.11.13"]
[EventType "team-tourn"]
[EventRounds "11"]
[EventCountry "GER"]
[Source "lmi"]
[SourceDate "2008.11.13"]
[WhiteTeam "El Salvador"]
[BlackTeam "Líbano"]
[WhiteTeamCountry "ESA"]
[BlackTeamCountry "LBN"]

1. e4 c5 2. Nf3 d6 3. d4 cxd4 4. Nxd4 Nf6 5. Nc3 a6 6. Bg5 e6 7. f4 Nc6 8. e5
h6 9. Bh4 g5 10. fxg5 Nd5 11. Nxd5 exd5 12. exd6 Bxd6 13. Qe2+ Kf8 14. O-O-O
hxg5 15. Bf2 Qf6 16. Kb1 Be5 17. Qd2 Kg7 18. Be3 Nxd4 19. Bxd4 Bxd4 20. Qxd4
Qxd4 21. Rxd4 Be6 22. Be2 Rad8 23. Kc1 Kf6 24. Bf3 Rh4 25. Rxh4 gxh4 26. Rd1
Ke5 27. c3 f5 28. Re1+ Kf6 29. Kd2 d4 30. cxd4 Rxd4+ 31. Ke3 Rd7 32. a3 Ke5 33.
Kf2+ Kf6 34. Rd1 Rc7 35. Rd2 Ke5 36. Re2+ Kf6 37. Ke3 b6 38. Rd2 Ke5 39. Rd4
Rc2 40. Rd2 1/2-1/2

[Event "Olimpiada Dresden 2008 Femenina"]
[Site "Dresden GER"]
[Date "2008.11.17"]
[Round "5.43"]
[White "Jalloul, Maya M"]
[Black "Zepeda, Sonia"]
[Result "0-1"]
[WhiteElo "1889"]
[BlackElo "2118"]
[PlyCount "120"]
[EventDate "2008.11.13"]
[EventType "team-tourn"]
[EventRounds "11"]
[EventCountry "GER"]
[Source "lmi"]
[SourceDate "2008.11.13"]
[WhiteTeam "Líbano"]
[BlackTeam "El Salvador"]
[WhiteTeamCountry "LBN"]
[BlackTeamCountry "ESA"]

1. d4 b6 2. e4 Bb7 3. Bd3 g6 4. Nf3 Bg7 5. O-O d6 6. Re1 e5 7. c3 Ne7 8. Na3
O-O 9. Nc4 exd4 10. cxd4 d5 11. exd5 Nxd5 12. Bg5 Bf6 13. Bh6 Bg7 14. Qd2 Nd7
15. Rad1 Bxh6 16. Qxh6 Qf6 17. Nce5 Rad8 18. Ng5 Qh8 19. Nexf7 Rxf7 20. Bxg6
Rg7 21. Bf5 Nf8 22. Be6+ Nxe6 23. Qxe6+ Kf8 24. Re5 Rxg5 25. Rxg5 Rd6 26. Rf5+
Nf6 27. Qe5 Qg7 28. d5 Qe7 29. Qc3 Bxd5 30. Rdxd5 Rxd5 31. Rxf6+ Kg8 32. h3 Qe5
33. Qf3 Rd1+ 34. Qxd1 Qxf6 35. Qg4+ Kf7 36. Qc4+ Kg6 37. Qc2+ Kh6 38. Qc3 Qd6
39. h4 Kh5 40. Qf3+ Kg6 41. Qe4+ Kg7 42. g3 a5 43. Kg2 c5 44. b3 Qc7 45. a4 Qf7
46. Qg4+ Kh8 47. Qf3 Qe7 48. Qd5 Qf6 49. f4 Qb2+ 50. Kh3 Qf2 51. Qd8+ Kg7 52.
Qe7+ Kg8 53. Kg4 h5+ 54. Kxh5 Qf3+ 55. Kh6 Qc6+ 56. Kg5 Qd5+ 57. f5 Qxb3 58.
Qe8+ Kh7 59. Qe7+ Kh8 60. Kh6 Qxg3 0-1

[Event "Olimpiada Dresden 2008 Femenina"]
[Site "Dresden GER"]
[Date "2008.11.17"]
[Round "5.43"]
[White "Castaneda, Ada"]
[Black "Mouradian, Suzan"]
[Result "1-0"]
[WhiteElo "2068"]
[BlackElo "1828"]
[PlyCount "83"]
[EventDate "2008.11.13"]
[EventType "team-tourn"]
[EventRounds "11"]
[EventCountry "GER"]
[Source "lmi"]
[SourceDate "2008.11.13"]
[WhiteTeam "El Salvador"]
[BlackTeam "Líbano"]
[WhiteTeamCountry "ESA"]
[BlackTeamCountry "LBN"]

1. e4 e6 2. d3 d5 3. Nd2 Nf6 4. Ngf3 c5 5. g3 Nc6 6. Bg2 g6 7. O-O Bg7 8. Re1
O-O 9. c3 Rb8 10. a3 b6 11. e5 Nd7 12. d4 Ba6 13. Qa4 b5 14. Qd1 cxd4 15. cxd4
b4 16. Nf1 Bxf1 17. Bxf1 Qb6 18. Be3 Rfc8 19. Bd3 bxa3 20. bxa3 Na5 21. Qa4 Qb3
22. Qxa5 Qxd3 23. Qxa7 Nf8 24. a4 Ra8 25. Qe7 Qa6 26. Reb1 Ra7 27. Qa3 Nd7 28.
a5 Bf8 29. Qa2 Rb8 30. Nd2 Rb5 31. Nb3 Nb8 32. Qc2 Nc6 33. Bd2 Rab7 34. Rc1
Nxe5 35. dxe5 Rxb3 36. Qc8 Qa7 37. a6 Rb8 38. Qc7 Qa8 39. a7 Re8 40. Rcb1 Rxb1+
41. Rxb1 Re7 42. Qxe7 1-0

[Event "Olimpiada Dresden 2008 Femenina"]
[Site "Dresden GER"]
[Date "2008.11.17"]
[Round "5.44"]
[White "Coelho, Tatiane Cristina"]
[Black "Gloria, Sukhu"]
[Result "1-0"]
[WhiteElo "1820"]
[BlackElo "1562"]
[PlyCount "91"]
[EventDate "2008.11.13"]
[EventType "team-tourn"]
[EventRounds "11"]
[EventCountry "GER"]
[Source "lmi"]
[SourceDate "2008.11.13"]
[WhiteTeam "Brasil"]
[BlackTeam "Fiji"]
[WhiteTeamCountry "BRA"]
[BlackTeamCountry "FIJ"]

1. Nf3 c5 2. g3 Nf6 3. Bg2 Nc6 4. d3 g6 5. c3 Bg7 6. a3 a5 7. a4 O-O 8. Na3 d6
9. Nb5 Na7 10. d4 Nxb5 11. axb5 cxd4 12. Nxd4 e5 13. Nf3 Rb8 14. O-O b6 15. Qa4
Bb7 16. Rd1 Qc7 17. Qh4 Ne4 18. Ng5 Nxg5 19. Bxg5 Bxg2 20. Kxg2 f6 21. Bc1 Qb7+
22. e4 Rbd8 23. Rd5 f5 24. Bg5 Rd7 25. Rad1 Qc7 26. Kg1 Rff7 27. R1d2 Bf8 28.
Bf6 Bg7 29. Bg5 Bf8 30. Be3 Be7 31. Qh3 Rd8 32. exf5 Rxf5 33. Qg4 Kg7 34. h4 h5
35. Qe4 Rb8 36. Rd1 Qc8 37. Ra1 Rf7 38. Ra4 Qh3 39. Rxe5 Bf6 40. Rd5 Re7 41.
Qg2 Qxg2+ 42. Kxg2 Re6 43. Rc4 Re5 44. Rxd6 Rb7 45. Rcc6 Rxb5 46. Rxf6 1-0